• 首页
  • 本馆介绍
  • 公告通知
  • 最新文献
  • 馆藏检索
  • 电子资源
  • 读者导购
  • 参考咨询
  • 我的图书馆
  • 登录
  • 详细信息显示
  • 放入我的书架
  • 预约/预借图书
  • 作者相关作品
  • 分类相关作品
  • 丛书相关作品
  • 出版社相关作品

书目信息

  • 表格格式
  • 工作单格式
  • 卡片格式
题名:
避讳研究
    
 
作者: 王新华 著
分册:  
出版信息: 济南   齐鲁书社  2007
页数: 376页
开本: 21cm
丛书名: 汉语言文字学研究丛书
单 册:
中图分类: K892.98
科图分类:
主题词: 避讳--研究--中国 , 避讳
电子资源:
ISBN: 7-5333-1684-3
000 00789oam2 2200265 450
001 1239654203
005 20121013110124.35
010    @a7-5333-1684-3@dCNY26.00
100    @a20070104d2007 emky0chiy50 ea
101 0  @achi
102    @aCN@b370000
105    @ay z 000yy
200 1  @a避讳研究@Abi hui yan jiu@f王新华著
210    @a济南@c齐鲁书社@d2007
215    @a376页@d21cm
225 2  @a汉语言文字学研究丛书
300    @a山东大学“985”工程项目
330    @a本书阐述了避讳的起源与形成原因、避讳的对象与范围、避讳的发展变化、避讳的方式等内容。
461  0 @12001 @a汉语言文字学研究丛书
606 0  @a避讳@x研究@y中国
606 0  @a避讳
690    @aK892.98@v4
701  0 @a王新华@Awang xin hua@f(1960~)@4著
801  0 @aCN@bNLC@c20101222
905    @a10447@dK892.98@eJY44
    
    避讳研究/王新华著.-济南:齐鲁书社,2007
    376页;21cm.-(汉语言文字学研究丛书)
    山东大学“985”工程项目
    
    ISBN 7-5333-1684-3:CNY26.00
    本书阐述了避讳的起源与形成原因、避讳的对象与范围、避讳的发展变化、避讳的方式等内容。
●
相关链接 在E读中查询图书 在五车中查询图书 在当当中查询图书 在豆瓣中查询图书


正题名:避讳研究     索取号:K892.98/JY44         预约/预借

序号 登录号 条形码 馆藏地/架位号 状态 备注
1 7826103   278261033   学院路分馆/ [索取号:K892.98/JY44] 在馆    
2 7826104   278261042   学院路分馆/ [索取号:K892.98/JY44] 在馆    
唐山师范学院图书馆 欢迎您!
大连网信软件有限公司© 版权所有